000 01409nam a22003737a 4500
001 166
003 FISKH
005 20231211155436.0
008 230301b cb ||||| |||| 00| 0 eng d
020 _a9780439165709
040 _aDPB
_cDPB
_dOCLCQ
_dBAKER
_dDLC
_dFISKH
_beng
050 0 0 _aMLCS 2006/42824 (P)
082 0 4 _a813/.52
_aB
_222
100 1 _aNorth, Sterling,
_d1906-1974.
245 1 0 _aRascal /
_cby Sterling North ; illustrated by John Schoenherr.
260 _aNew York
_bScholastic
_c1991
300 _a189 p. :
_bill. ;
_c20 cm.
505 _aZ1
520 _aThe author recalls his carefree life in a small midwestern town at the close of World War I, and his adventures with his pet raccoon, Rascal.
521 8 _a1140
_bLexile
521 8 _aZ1
600 1 0 _aNorth, Sterling,
_d1906-
_xChildhood and youth.
650 0 _aAuthors, American
_y20th century
_vBiography.
650 0 _aRascal (Raccoon)
650 0 _aRaccoon
_zWisconsin
_vBiography.
650 0 _aCountry life
_zWisconsin.
650 1 _aRaccoon.
650 1 _aCountry life
_zWisconsin.
700 1 _aSchoenherr, John,
_eill.
856 4 2 _3Contributor biographical information
_uhttp://www.loc.gov/catdir/enhancements/fy0716/2004276659-b.html
856 4 2 _3Publisher description
_uhttp://www.loc.gov/catdir/enhancements/fy0716/2004276659-d.html
906 _a7
_bcbc
_ccopycat
_d3
_encip
_f20
_gy-gencatlg
942 _2ddc
_cBK
_n0
999 _c166
_d166